| 000 | 00421nam a22001457a 4500 | ||
|---|---|---|---|
| 082 |
_a624.18210212 _bSTR _cL-20, P-38 |
||
| 110 |
_aDawnays Limited, _943127 |
||
| 245 |
_aStructural steelwork / _cDawnay Limited. |
||
| 260 |
_aLondon : _bDawnays Limited, _c. |
||
| 300 | _aiv, 220 p. : | ||
| 526 |
_a0 _b0 _c0 _d624_182102120000000_STR |
||
| 526 |
_a0 _b0 _c0 _d624_182102120000000_STR |
||
| 650 |
_aMCE _9379 |
||
| 942 |
_2ddc _cBK |
||
| 999 |
_c546925 _d546925 |
||